[Event "4NCL Division Three Knights"]
[Site "Warwick, ENG"]
[Date "2024.01.13"]
[Round "3.61"]
[White "Gill, Oliver"]
[Black "Seymour, Timothy P"]
[Result "1/2-1/2"]
[WhiteElo "2250"]
[BlackElo "2216"]
[PlyCount "67"]
[EventDate "2024.01.13"]
[WhiteTeam "Wessex A"]
[BlackTeam "Surbiton"]

1. e4 e5 2. Nf3 Nc6 3. Bb5 Nf6 4. O-O Nxe4 5. d4 Nd6 6. Bxc6 dxc6 7. dxe5 Nf5 8. Qxd8+ Kxd8 9. b3 Ke8 10. Bb2 Be7 11. Nbd2 Be6 12. Ne4 Rd8 13. Rfd1 Rxd1+ 14. Rxd1 Bd5 15. Re1 c5 16. g4 Nh4 17. Nxh4 Bxh4 18. Nxc5 h5 19. e6 f6 20. e7 hxg4 21. c4 Bc6 22. Ba3 Rh5 23. Ne6 Re5 24. Nxg7+ Kf7 25. Rxe5 fxe5 26. Nf5 Bg5 27. Ne3 Bf3 28. Bb2 Bf4 29. Ng2 Bxg2 30. Kxg2 Kxe7 31. h3 gxh3+ 32. Kxh3 Kf6 33. Kg4 Bd2 34. Ba1 1/2-1/2

[Event "4NCL Division Three Knights"]
[Site "Warwick, ENG"]
[Date "2024.01.13"]
[Round "3.62"]
[White "Scott, David A"]
[Black "Wilson, Jaimie"]
[Result "1-0"]
[WhiteElo "2052"]
[BlackElo "2128"]
[PlyCount "75"]
[EventDate "2024.01.13"]
[WhiteTeam "Surbiton"]
[BlackTeam "Wessex A"]

1. c4 c5 2. g3 Nc6 3. Bg2 g6 4. Nc3 Bg7 5. Nf3 e6 6. d4 cxd4 7. Nb5 d5 8. cxd5 exd5 9. O-O a6 10. Nbxd4 Nge7 11. Bg5 O-O 12. Qd2 Re8 13. Rfd1 Qb6 14. Be3 Qd8 15. Rac1 Nf5 16. Nxc6 bxc6 17. Bd4 Nxd4 18. Nxd4 Bxd4 19. Qxd4 Rxe2 20. Rxc6 Qe7 21. Rcc1 Rb8 22. Bf3 Re5 23. Bxd5 Bh3 24. Bg2 Bxg2 25. Kxg2 Re2 26. Rd2 Qb7+ 27. Kg1 Rxd2 28. Qxd2 Qxb2 29. Rc2 Qe5 30. Qc1 Kg7 31. Qe3 Rb1+ 32. Kg2 Qd5+ 33. f3 h5 34. Qc3+ Kh7 35. Rb2 Rd1 36. Qb3 Qb7 37. Re2 Qa7 38. Qxd1 1-0

[Event "4NCL Division Three Knights"]
[Site "Warwick, ENG"]
[Date "2024.01.13"]
[Round "3.63"]
[White "Lukosius, Rolandas"]
[Black "Faulks, Nick"]
[Result "1-0"]
[WhiteElo "2080"]
[BlackElo "1976"]
[PlyCount "109"]
[EventDate "2024.01.13"]
[WhiteTeam "Wessex A"]
[BlackTeam "Surbiton"]

1. d4 Nf6 2. c4 c5 3. d5 b5 4. cxb5 a6 5. bxa6 e6 6. Nc3 exd5 7. Nxd5 Be7 8. Nxe7 Qxe7 9. Bg5 Rxa6 10. Nf3 O-O 11. e3 d5 12. Bxa6 Bxa6 13. Qa4 Bd3 14. Qa3 Bb5 15. Nd4 Bc4 16. Bxf6 Qxf6 17. Qxc5 Qg6 18. Rg1 Qe4 19. b3 Ba6 20. Rc1 h6 21. Qc2 Qh4 22. Nf3 Qf6 23. Qc3 Qd6 24. h3 Rc8 25. Qd2 Re8 26. Nd4 Qh2 27. Nf3 Qd6 28. g3 Nc6 29. Rc3 Re4 30. a3 d4 31. Rxc6 Qxc6 32. Nxd4 Qd7 33. f3 Re8 34. g4 Qe7 35. Kf2 Qxa3 36. Rc1 Qd6 37. Kg2 Bb7 38. b4 h5 39. Rc5 hxg4 40. hxg4 Qg6 41. Kg3 Qd6+ 42. f4 Qa6 43. b5 Qa1 44. Rc1 Qa3 45. Kf2 Qe7 46. g5 Qd7 47. g6 fxg6 48. Nf3 Qh3 49. Qe2 Rd8 50. e4 Re8 51. Rc4 Qg4 52. Ke3 Qd7 53. Rd4 Qe7 54. Qa2+ Kf8 55. Ne5 1-0

[Event "4NCL Division Three Knights"]
[Site "Warwick, ENG"]
[Date "2024.01.13"]
[Round "3.64"]
[White "Davies, Neil"]
[Black "Tambini, Jasper"]
[Result "0-1"]
[WhiteElo "1903"]
[BlackElo "2042"]
[PlyCount "110"]
[EventDate "2024.01.13"]
[WhiteTeam "Surbiton"]
[BlackTeam "Wessex A"]

1. Nf3 d5 2. d4 Nf6 3. g3 e6 4. Bg2 Be7 5. c4 O-O 6. O-O b6 7. cxd5 exd5 8. Nc3 Nbd7 9. Ne5 Bb7 10. Bf4 c6 11. Rc1 Re8 12. Qb3 Nxe5 13. Bxe5 Bd6 14. Bxd6 Qxd6 15. e3 Rac8 16. Qd1 Red8 17. a3 h6 18. Qf3 Qe7 19. Rfd1 c5 20. Qf4 c4 21. Qe5 Qf8 22. Qf4 Bc6 23. Bh3 Rb8 24. Rd2 b5 25. Qc7 Bd7 26. Bg2 Be6 27. Qxa7 b4 28. axb4 Rxb4 29. Qc5 Rdb8 30. Qxf8+ Kxf8 31. e4 Nxe4 32. Nxe4 dxe4 33. Bxe4 Rxb2 34. Rxb2 Rxb2 35. Kg2 Rb4 36. Kf3 Ke7 37. Ke3 Kd6 38. f4 Bd5 39. Bf5 g6 40. Bc2 Rb2 41. h4 Ra2 42. Bd1 Ra3+ 43. Kf2 Rd3 44. Be2 Rxd4 45. h5 gxh5 46. Bxh5 Kc5 47. Be2 Kb4 48. Ke3 Re4+ 49. Kd2 f5 50. Rb1+ Kc5 51. Bh5 Rd4+ 52. Ke3 Rd3+ 53. Kf2 Kd4 54. Bg6 Be4 55. Rc1 c3 0-1

[Event "4NCL Division Three Knights"]
[Site "Warwick, ENG"]
[Date "2024.01.13"]
[Round "3.65"]
[White "Pleasants, Allan J"]
[Black "Morrison, Joseph"]
[Result "1/2-1/2"]
[WhiteElo "2010"]
[BlackElo "1869"]
[PlyCount "83"]
[EventDate "2024.01.13"]
[WhiteTeam "Wessex A"]
[BlackTeam "Surbiton"]

1. Nf3 Nf6 2. g3 g6 3. Bg2 Bg7 4. c4 d6 5. O-O O-O 6. Nc3 e5 7. d4 exd4 8. Nxd4 Nbd7 9. h3 c6 10. e4 Qc7 11. Re1 Re8 12. Bf4 Ne5 13. b3 Be6 14. Rc1 Rad8 15. Nxe6 Rxe6 16. Ne2 Ree8 17. Nd4 a6 18. Qc2 Nfd7 19. Bg5 f6 20. Be3 Nc5 21. Rcd1 Nf7 22. b4 Ne6 23. a3 Nxd4 24. Bxd4 c5 25. bxc5 dxc5 26. Be3 Bf8 27. f4 Rxd1 28. Rxd1 Rd8 29. Rxd8 Nxd8 30. Qd3 Qd6 31. Qd5+ Qxd5 32. exd5 Bd6 33. Bf1 b6 34. Kf2 Kf8 35. Bd2 Ke7 36. Bd3 Bc7 37. g4 Nf7 38. Kf3 Nd6 39. a4 Kf7 40. Bc3 Ne8 41. h4 Ng7 42. Bd2 1/2-1/2

[Event "4NCL Division Three Knights"]
[Site "Warwick, ENG"]
[Date "2024.01.13"]
[Round "3.66"]
[White "Alcock, Graham P"]
[Black "De Coverly, Roger D"]
[Result "0-1"]
[WhiteElo "1809"]
[BlackElo "1982"]
[PlyCount "140"]
[EventDate "2024.01.13"]
[WhiteTeam "Surbiton"]
[BlackTeam "Wessex A"]

1. e4 e5 2. Nf3 Nc6 3. c3 Be7 4. d4 d6 5. d5 Nb8 6. h3 Nf6 7. Bd3 a5 8. c4 Na6 9. Be3 O-O 10. Nbd2 Nd7 11. Rc1 Ndc5 12. Bb1 g6 13. Nb3 Nxb3 14. Qxb3 b6 15. O-O f5 16. exf5 gxf5 17. Bd2 Bf6 18. Qe3 Qe7 19. Rfe1 Qg7 20. Qh6 e4 21. Nh2 Bxb2 22. Rcd1 Qxh6 23. Bxh6 Rf6 24. Bf4 Bd7 25. Re2 Ba3 26. Bd2 Re8 27. Bc3 Rg6 28. Nf1 Bb4 29. Bb2 b5 30. Rc2 bxc4 31. Rxc4 Bb5 32. Rcc1 Bc5 33. Bd4 Be2 34. Rd2 Bf3 35. Ng3 Bxg2 36. Kxg2 f4 37. Bxc5 Nxc5 38. Rc3 fxg3 39. fxg3 Rg5 40. Re3 Rge5 41. Bc2 Kf8 42. Rd4 R8e7 43. Kf2 Ke8 44. Ke2 Kd7 45. Kf2 c6 46. dxc6+ Kxc6 47. Ba4+ Kc7 48. Bc2 d5 49. Ke2 Kd6 50. Ra3 Ra7 51. Re3 Rb7 52. Rd2 Rb4 53. Ra3 a4 54. Ke3 Rf5 55. Ke2 d4 56. Rd1 d3+ 57. Ke1 Rd5 58. Bb1 Rbd4 59. Rc3 e3 60. a3 Ke5 61. Ba2 Nb3 62. Bxb3 axb3 63. Rxb3 Ke4 64. Rb7 Rf5 65. Re7+ Kf3 66. g4 Rfd5 67. Rf7+ Rf4 68. Re7 Rdd4 69. a4 d2+ 70. Kf1 Rde4 0-1

[Event "4NCL Division Three Knights"]
[Site "Warwick, ENG"]
[Date "2024.01.14"]
[Round "4.11"]
[White "Seymour, Timothy P"]
[Black "Brown, Thomas"]
[Result "1/2-1/2"]
[WhiteElo "2216"]
[BlackElo "2095"]
[PlyCount "50"]
[EventDate "2024.01.14"]
[WhiteTeam "Surbiton"]
[BlackTeam "Rhyfelwyr Essyllwg"]

1. Nf3 g6 2. d4 Bg7 3. e3 Nf6 4. Be2 O-O 5. O-O d6 6. c4 c5 7. Nc3 Re8 8. b3 e5 9. dxe5 dxe5 10. e4 Qxd1 11. Rxd1 Bg4 12. Be3 b6 13. Rd6 Nbd7 14. Ng5 Bxe2 15. Nxe2 Nf8 16. f3 h6 17. Nh3 Ne6 18. Rd2 Rad8 19. Rad1 Rxd2 20. Rxd2 Nd4 21. Nf2 h5 22. Nc3 Kh7 23. Nh3 Bh6 24. Ng5+ Kg7 25. Kf2 Bxg5 1/2-1/2

[Event "4NCL Division Three Knights"]
[Site "Warwick, ENG"]
[Date "2024.01.14"]
[Round "4.12"]
[White "Heaven, Pete"]
[Black "Scott, David A"]
[Result "1/2-1/2"]
[WhiteElo "1959"]
[BlackElo "2052"]
[PlyCount "28"]
[EventDate "2024.01.14"]
[WhiteTeam "Rhyfelwyr Essyllwg"]
[BlackTeam "Surbiton"]

1. e4 c6 2. d4 d5 3. exd5 cxd5 4. c4 Nf6 5. Nc3 e6 6. Nf3 Be7 7. Bd3 dxc4 8. Bxc4 O-O 9. O-O Nc6 10. a3 b6 11. d5 Na5 12. Ba2 Nxd5 13. Nxd5 exd5 14. Bxd5 Bb7 1/2-1/2

[Event "4NCL Division Three Knights"]
[Site "Warwick, ENG"]
[Date "2024.01.14"]
[Round "4.13"]
[White "Faulks, Nick"]
[Black "Hewitt, William"]
[Result "1/2-1/2"]
[WhiteElo "1976"]
[BlackElo "1983"]
[PlyCount "44"]
[EventDate "2024.01.14"]
[WhiteTeam "Surbiton"]
[BlackTeam "Rhyfelwyr Essyllwg"]

1. e4 c6 2. c4 d5 3. cxd5 cxd5 4. exd5 Nf6 5. Qa4+ Nbd7 6. Nc3 g6 7. Nf3 Bg7 8. Bc4 O-O 9. d3 a6 10. Qa3 Nb6 11. Qb3 Nxc4 12. dxc4 b5 13. O-O bxc4 14. Qxc4 Bb7 15. Rd1 Rc8 16. Qb3 Ba8 17. Bf4 Qa5 18. Rd4 Nd7 19. Ra4 Qd8 20. Be3 Nc5 21. Bxc5 Rxc5 22. Rxa6 Bxc3 1/2-1/2

[Event "4NCL Division Three Knights"]
[Site "Warwick, ENG"]
[Date "2024.01.14"]
[Round "4.14"]
[White "Trevelyan, John"]
[Black "Davies, Neil"]
[Result "0-1"]
[WhiteElo "1874"]
[BlackElo "1903"]
[PlyCount "94"]
[EventDate "2024.01.14"]
[WhiteTeam "Rhyfelwyr Essyllwg"]
[BlackTeam "Surbiton"]

1. d4 d5 2. Nf3 Nf6 3. c4 c6 4. cxd5 cxd5 5. Nc3 Nc6 6. Bf4 e6 7. e3 a6 8. Bd3 Be7 9. Rc1 O-O 10. O-O Nh5 11. Be5 Nxe5 12. dxe5 g6 13. e4 Nf4 14. Bb1 Bb4 15. Qd2 dxe4 16. Qxf4 Bxc3 17. Rxc3 exf3 18. Rxf3 Qe7 19. Rd1 Bd7 20. Rfd3 Bc6 21. a3 Rad8 22. Qd2 Rxd3 23. Qxd3 Qg5 24. Qg3 Rd8 25. Rf1 Qxg3 26. hxg3 Rd2 27. b3 Re2 28. Bd3 Rxe5 29. Rc1 a5 30. b4 axb4 31. axb4 Rd5 32. Bf1 h5 33. f3 Kg7 34. Kf2 Rd2+ 35. Kg1 Rb2 36. b5 Bxb5 37. Bxb5 Rxb5 38. Rc7 Rb2 39. Kh2 g5 40. f4 Kg6 41. fxg5 b5 42. Rc5 b4 43. Kg1 b3 44. Rb5 Rb1+ 45. Kh2 b2 46. g4 h4 47. g3 h3 0-1

[Event "4NCL Division Three Knights"]
[Site "Warwick, ENG"]
[Date "2024.01.14"]
[Round "4.15"]
[White "Morrison, Joseph"]
[Black "Hatchett, Paul"]
[Result "1-0"]
[WhiteElo "1869"]
[BlackElo "1930"]
[PlyCount "61"]
[EventDate "2024.01.14"]
[WhiteTeam "Surbiton"]
[BlackTeam "Rhyfelwyr Essyllwg"]

1. c4 Nf6 2. Nc3 g6 3. g3 Bg7 4. Bg2 O-O 5. d4 d6 6. e4 Nc6 7. Nge2 Nd7 8. O-O e5 9. Be3 exd4 10. Nxd4 Nde5 11. Nxc6 bxc6 12. Qa4 c5 13. b3 Bd7 14. Qa3 Bc6 15. Rad1 Ng4 16. Qc1 Nxe3 17. Qxe3 Bd4 18. Qc1 a5 19. Nb5 Bg7 20. a4 Re8 21. Rfe1 Bxb5 22. cxb5 Ra7 23. Qc4 Qf6 24. f4 Qc3 25. e5 Qb4 26. Qxb4 axb4 27. exd6 Rxe1+ 28. Rxe1 Bd4+ 29. Kf1 cxd6 30. Re8+ Kg7 31. b6 1-0

[Event "4NCL Division Three Knights"]
[Site "Warwick, ENG"]
[Date "2024.01.14"]
[Round "4.16"]
[White "Wagner, Guy"]
[Black "Alcock, Graham P"]
[Result "0-1"]
[WhiteElo "1752"]
[BlackElo "1809"]
[PlyCount "88"]
[EventDate "2024.01.14"]
[WhiteTeam "Rhyfelwyr Essyllwg"]
[BlackTeam "Surbiton"]

1. f4 d5 2. Nf3 Nc6 3. e3 g6 4. d4 Nf6 5. c3 a6 6. Bd3 Ne4 7. c4 Bg4 8. O-O Qd7 9. cxd5 Qxd5 10. Nc3 Nxc3 11. bxc3 Bg7 12. e4 Qd7 13. Be3 O-O 14. h3 Bxf3 15. Rxf3 e6 16. Qc2 Bxd4 17. cxd4 Nxd4 18. Qc3 Nxf3+ 19. gxf3 Rad8 20. Bc2 b6 21. f5 exf5 22. Bh6 Qd4+ 23. Qxd4 Rxd4 24. Bxf8 Kxf8 25. exf5 Rd2 26. Be4 c5 27. a4 c4 28. fxg6 hxg6 29. Rc1 b5 30. Bb7 Rd6 31. axb5 axb5 32. Kf2 Rb6 33. Bd5 Rd6 34. Be4 f5 35. Bb1 Kg7 36. Ke3 Kf6 37. h4 Rd8 38. Bc2 b4 39. Ba4 Rd3+ 40. Ke2 Rd4 41. Bb5 c3 42. Rd1 c2 43. Ra1 b3 44. Ra6+ Kg7 0-1

[Event "4NCL Division Three Knights"]
[Site "Warwick, ENG"]
[Date "2024.01.14"]
[Round "4.21"]
[White "Gilmore, Simon N"]
[Black "Ciuravin, Andrei"]
[Result "1/2-1/2"]
[WhiteElo "2053"]
[BlackElo "2170"]
[PlyCount "55"]
[EventDate "2024.01.14"]
[WhiteTeam "Iceni 1"]
[BlackTeam "Hull & East Riding Tigers"]

1. Nf3 d6 2. d4 Bg4 3. e3 Nf6 4. Be2 Nbd7 5. c4 e6 6. Nc3 Be7 7. h3 Bh5 8. O-O O-O 9. b3 c6 10. Bb2 h6 11. Rc1 Re8 12. Qd2 Bg6 13. Rfd1 Qc7 14. Bd3 Bxd3 15. Qxd3 d5 16. e4 dxe4 17. Nxe4 Nxe4 18. Qxe4 Nf6 19. Qe2 Rad8 20. Ne5 Nd7 21. Nxd7 Qxd7 22. Rd3 Bf6 23. Rcd1 Qc7 24. Qg4 g6 25. Bc1 Bg7 26. Qh4 Qe7 27. Qxe7 Rxe7 28. Be3 1/2-1/2

[Event "4NCL Division Three Knights"]
[Site "Warwick, ENG"]
[Date "2024.01.14"]
[Round "4.22"]
[White "Larchikov, Maksym"]
[Black "Calvert, D Ian"]
[Result "0-1"]
[WhiteElo "2115"]
[BlackElo "1996"]
[PlyCount "98"]
[EventDate "2024.01.14"]
[WhiteTeam "Hull & East Riding Tigers"]
[BlackTeam "Iceni 1"]

{[%evp 0,45,36,19,27,-14,37,31,18,24,21,-10,57,60,74,50,62,50,50,50,84,52,65,46,57,67,43,19,19,19,19,19,29,15,7,7,7,-23,-23,-21,-22,-22,-22,-22,-22,-64,-65,-42]} 1. d4 d5 2. c4 c6 3. Nf3 Nf6 4. Nc3 dxc4 5. a4 e6 6. e3 c5 7. Bxc4 Nc6 8. O-O cxd4 9. exd4 Be7 10. Re1 O-O 11. Bg5 b6 12. d5 Nxd5 13. Bxd5 exd5 14. Nd4 Bxg5 15. Nxc6 Qd6 16. Qxd5 Qxd5 17. Nxd5 Bb7 18. Nce7+ Kh8 19. f4 Bxe7 20. Nxe7 Rad8 21. Rad1 g6 22. f5 Kg7 23. fxg6 hxg6 24. b4 Rfe8 25. Rxd8 Rxd8 26. Rc1 Rd2 27. Rc7 Rxg2+ 28. Kf1 Be4 29. Rxa7 Rxh2 30. Nc8 g5 31. Nd6 Bd5 32. Nf5+ Kf6 33. Ne3 Be6 34. a5 bxa5 35. Rxa5 Rb2 36. Rb5 g4 37. Kg1 g3 38. Rc5 Bh3 39. Rc1 Kg5 40. Nd1 Rxb4 41. Rc3 Kf4 42. Rd3 Rb1 43. Rd4+ Kg5 44. Rd3 Bg4 45. Rxg3 Rxd1+ 46. Kf2 f5 47. Ra3 Rd2+ 48. Kf1 f4 49. Ke1 Rb2 0-1

[Event "4NCL Division Three Knights"]
[Site "Warwick, ENG"]
[Date "2024.01.14"]
[Round "4.23"]
[White "Hughes, Roy"]
[Black "Hodge, Steve R"]
[Result "1/2-1/2"]
[WhiteElo "2045"]
[BlackElo "2023"]
[PlyCount "79"]
[EventDate "2024.01.14"]
[WhiteTeam "Iceni 1"]
[BlackTeam "Hull & East Riding Tigers"]

1. d4 f5 2. Bf4 Nf6 3. e3 e6 4. Nf3 b6 5. Nbd2 Bb7 6. Bd3 Bd6 7. Qe2 O-O 8. c3 Bxf4 9. exf4 Nc6 10. Rg1 Ne7 11. g3 Rc8 12. Ba6 Bxa6 13. Qxa6 Ra8 14. Qe2 Rc8 15. Kf1 Re8 16. Kg2 Nc6 17. Rge1 Na5 18. Rad1 Nb7 19. Ne5 Nd6 20. Qd3 Nde4 21. f3 Nxd2 22. Qxd2 c6 23. Re2 d6 24. Nd3 Rc7 25. Rde1 Rce7 26. Qc2 Qc8 27. c4 Qb7 28. b4 d5 29. c5 b5 30. a4 a6 31. axb5 axb5 32. Ra1 Ra8 33. Ra2 Ne8 34. Qb3 Qc8 35. Ra3 Rea7 36. Rea2 Qb7 37. Qb2 Ra4 38. Ne1 Qa6 39. Nc2 Nc7 40. Qb3 1/2-1/2

[Event "4NCL Division Three Knights"]
[Site "Warwick, ENG"]
[Date "2024.01.14"]
[Round "4.24"]
[White "Vleeshhouwer, Douglas"]
[Black "Gibbs, Dominic V"]
[Result "1/2-1/2"]
[WhiteElo "1978"]
[BlackElo "1927"]
[PlyCount "84"]
[EventDate "2024.01.14"]
[WhiteTeam "Hull & East Riding Tigers"]
[BlackTeam "Iceni 1"]

1. e4 Nf6 2. Nc3 d5 3. e5 Nfd7 4. f4 e6 5. Nf3 c5 6. Bd3 Nc6 7. O-O Be7 8. a3 O-O 9. Qe1 c4 10. Be2 f6 11. exf6 Nxf6 12. d3 b5 13. Kh1 a6 14. d4 Qb6 15. Be3 Ng4 16. Qd2 Nxe3 17. Qxe3 Bf6 18. Rfd1 Ra7 19. Ne5 Bxe5 20. fxe5 Rff7 21. Bf3 Rf5 22. Qd2 Qd8 23. Ne2 Qh4 24. Qe3 Bd7 25. c3 Ne7 26. Ng3 Rg5 27. Kg1 Be8 28. a4 bxa4 29. Rd2 Nf5 30. Nxf5 Rxf5 31. Rdd1 Rff7 32. Rf1 Rab7 33. g3 Qe7 34. Qd2 Bc6 35. Rf2 h6 36. Bd1 Rxf2 37. Qxf2 Qf8 38. Qd2 Qb8 39. Ra2 a3 40. bxa3 Rb1 41. Kg2 Be8 42. Bc2 Rb7 1/2-1/2

[Event "4NCL Division Three Knights"]
[Site "Warwick, ENG"]
[Date "2024.01.14"]
[Round "4.25"]
[White "Reynolds, D Ian W"]
[Black "Collinson, Mark I"]
[Result "1/2-1/2"]
[WhiteElo "1904"]
[BlackElo "1950"]
[PlyCount "61"]
[EventDate "2024.01.14"]
[WhiteTeam "Iceni 1"]
[BlackTeam "Hull & East Riding Tigers"]

1. e4 e5 2. Nf3 Nc6 3. d4 exd4 4. Nxd4 d6 5. Nc3 Be7 6. Be3 Nf6 7. Be2 O-O 8. O-O Nxd4 9. Qxd4 Ng4 10. Bxg4 Bxg4 11. f3 Be6 12. Qd2 Bf6 13. Rad1 b5 14. b3 b4 15. Ne2 a5 16. Bd4 h6 17. Bxf6 Qxf6 18. Qd4 Qg5 19. Qd2 Qc5+ 20. Rf2 a4 21. Nc1 Rfb8 22. Qd4 Ra5 23. Qxc5 Rxc5 24. Rd4 axb3 25. axb3 Kf8 26. Nd3 Rcb5 27. f4 Ke7 28. e5 dxe5 29. Nxe5 Rc5 30. Nd3 Rcb5 31. Ne5 1/2-1/2

[Event "4NCL Division Three Knights"]
[Site "Warwick, ENG"]
[Date "2024.01.14"]
[Round "4.26"]
[White "Thompson, Keith"]
[Black "Rosenbach, Martin"]
[Result "1/2-1/2"]
[WhiteElo "1884"]
[BlackElo "1895"]
[PlyCount "76"]
[EventDate "2024.01.14"]
[WhiteTeam "Hull & East Riding Tigers"]
[BlackTeam "Iceni 1"]

1. e4 c5 2. Nf3 Nc6 3. Bb5 d6 4. d4 cxd4 5. Nxd4 Bd7 6. Nc3 g6 7. Nxc6 bxc6 8. Bc4 Bg7 9. O-O Nf6 10. Bb3 O-O 11. h3 Qc7 12. Bf4 Rfd8 13. Qe2 Nh5 14. Bh2 Qa5 15. Rad1 Bxc3 16. bxc3 Qxc3 17. Rd3 Qc5 18. Rfd1 Be6 19. Qd2 Bxb3 20. cxb3 f6 21. Rc1 Qb6 22. Qc3 c5 23. Qc4+ Kf8 24. g4 Ng7 25. Bf4 g5 26. Bd2 Qb7 27. f4 h6 28. Rf1 Qd7 29. fxg5 hxg5 30. Bxg5 Qe6 31. Qd5 Rab8 32. Bh6 Qxd5 33. exd5 Kg8 34. Re1 Rd7 35. Rde3 Rbb7 36. Kg2 Ne8 37. Bf4 Kf7 38. Rd3 Nc7 1/2-1/2

[Event "4NCL Division Three Knights"]
[Site "Warwick, ENG"]
[Date "2024.01.14"]
[Round "4.31"]
[White "Hedger, Alec"]
[Black "Cooksey, Paul S"]
[Result "1/2-1/2"]
[WhiteElo "2095"]
[BlackElo "2336"]
[PlyCount "95"]
[EventDate "2024.01.14"]
[WhiteTeam "Sussex Martlets 2"]
[BlackTeam "Crowthorne A"]

1. e4 c6 2. d4 d5 3. exd5 cxd5 4. c4 Nf6 5. Nc3 g6 6. Qb3 Bg7 7. cxd5 O-O 8.
Be2 Na6 9. Bf3 Qb6 10. Nge2 Qxb3 11. axb3 Rd8 12. O-O Nc7 13. d6 exd6 14. Bf4
a6 15. Rfc1 Rb8 16. Na4 Ncd5 17. Bg5 h6 18. Bxf6 Nxf6 19. h3 Be6 20. Nb6 d5 21.
Nf4 Rd6 22. Na4 Bf5 23. Rc7 Be4 24. Nc5 Bxf3 25. gxf3 Rb6 26. Re1 Bf8 27. Nd7
Nxd7 28. Rxd7 Rxb3 29. Nxd5 Rxf3 30. Kg2 Rf5 31. Rc1 b5 32. Rcc7 a5 33. Ne3 Rf6
34. Ng4 Rf5 35. Ne5 a4 36. h4 b4 37. Ra7 a3 38. bxa3 bxa3 39. Nc4 h5 40. Ne3
Rf6 41. Nd5 Rf5 42. Ne3 Rf6 43. Nd5 Rd6 44. Ne7+ Bxe7 45. Rxe7 Rf8 46. Re4 Rfd8
47. Ree7 Rf6 48. Re4 1/2-1/2

[Event "4NCL Division Three Knights"]
[Site "Warwick, ENG"]
[Date "2024.01.14"]
[Round "4.32"]
[White "Webb, Richard M"]
[Black "Nguyen, Anh"]
[Result "1/2-1/2"]
[WhiteElo "2159"]
[BlackElo "1956"]
[PlyCount "74"]
[EventDate "2024.01.14"]
[WhiteTeam "Crowthorne A"]
[BlackTeam "Sussex Martlets 2"]

1. e4 c5 2. Nc3 a6 3. g3 b5 4. Bg2 Bb7 5. Nge2 e6 6. d4 cxd4 7. Nxd4 Be7 8. O-O
Nc6 9. Re1 d6 10. a4 b4 11. Na2 Rb8 12. Nxc6 Bxc6 13. Qd4 a5 14. Qxg7 Bf6 15.
Qg4 Bxa4 16. e5 Bxe5 17. Bf4 h5 18. Qf3 Bxb2 19. Rad1 Rb6 20. Qd3 Qc8 21. Rd2
Bb5 22. Qb3 Bg7 23. Bxd6 Ne7 24. Be5 Bxe5 25. Rxe5 Qb8 26. Qe3 Qc7 27. Rc5 Qb8
28. Nc1 a4 29. Qd4 O-O 30. Rxh5 Ng6 31. Be4 e5 32. Qe3 f5 33. Bd5+ Kg7 34. Qh6+
Kf6 35. Qg5+ Kg7 36. Qh6+ Kf6 37. Qg5+ Kg7 1/2-1/2

[Event "4NCL Division Three Knights"]
[Site "Warwick, ENG"]
[Date "2024.01.14"]
[Round "4.33"]
[White "Howell, Oliver W"]
[Black "Thompson, Ian D"]
[Result "1/2-1/2"]
[WhiteElo "1978"]
[BlackElo "2011"]
[PlyCount "73"]
[EventDate "2024.01.14"]
[WhiteTeam "Sussex Martlets 2"]
[BlackTeam "Crowthorne A"]

1. Nf3 d5 2. d4 Nf6 3. Bg5 Ne4 4. Bf4 c5 5. e3 Qb6 6. Nc3 Qa5 7. Bb5+ Nc6 8.
O-O Nxc3 9. Bxc6+ bxc6 10. bxc3 Qxc3 11. Ne5 cxd4 12. exd4 Bf5 13. Rb1 f6 14.
Nd3 Qxd4 15. Rb4 Qc3 16. Bd2 Qa3 17. Rb3 Qd6 18. Rb7 Bxd3 19. cxd3 Rb8 20. Qb3
Rxb7 21. Qxb7 g6 22. Qxa7 Qd7 23. Qb6 Bg7 24. a4 O-O 25. a5 f5 26. a6 Be5 27.
Rc1 Rb8 28. d4 Bd6 29. g3 f4 30. Kg2 Rf8 31. f3 fxg3 32. hxg3 Qf5 33. Rc3 Qe6
34. Re3 Qd7 35. Rc3 Qe6 36. Re3 Qd7 37. Rc3 1/2-1/2

[Event "4NCL Division Three Knights"]
[Site "Warwick, ENG"]
[Date "2024.01.14"]
[Round "4.34"]
[White "Duckers, Harvey L"]
[Black "Graham, William M"]
[Result "0-1"]
[WhiteElo "1998"]
[BlackElo "1941"]
[PlyCount "94"]
[EventDate "2024.01.14"]
[WhiteTeam "Crowthorne A"]
[BlackTeam "Sussex Martlets 2"]

1. c4 Nf6 2. Nc3 g6 3. e4 d6 4. d4 Bg7 5. f4 O-O 6. Nf3 c5 7. d5 e6 8. Be2 exd5
9. cxd5 Re8 10. Nd2 Na6 11. O-O Nc7 12. a4 b6 13. Kh1 Bb7 14. Qc2 Nfxd5 15. Qb3
Nxc3 16. bxc3 d5 17. e5 f6 18. Nf3 fxe5 19. Nxe5 Bxe5 20. fxe5 Rxe5 21. Bg4 Ba6
22. Rd1 Bc4 23. Qc2 Qh4 24. h3 Re1+ 25. Kh2 Rxd1 26. Qxd1 Qf6 27. Bd2 Rd8 28.
Qg1 Ne8 29. a5 Nd6 30. axb6 axb6 31. Bf3 Qe5+ 32. g3 Qf6 33. Bg2 Nb5 34. Qe3
Rf8 35. h4 d4 36. Qe4 Nd6 37. Qg4 Be6 38. Qe2 Bc4 39. Qg4 dxc3 40. Bh6 Re8 41.
Ra7 Be6 42. Qd1 Nf5 43. Bg5 Qd4 44. Qf3 Bf7 45. h5 Qe5 46. Bf4 Qe2 47. hxg6
hxg6 0-1

[Event "4NCL Division Three Knights"]
[Site "Warwick, ENG"]
[Date "2024.01.14"]
[Round "4.35"]
[White "Blades, Kit"]
[Black "Purdon, Colin"]
[Result "1/2-1/2"]
[WhiteElo "1937"]
[BlackElo "1946"]
[PlyCount "52"]
[EventDate "2024.01.14"]
[WhiteTeam "Sussex Martlets 2"]
[BlackTeam "Crowthorne A"]

1. e4 c5 2. Nf3 Nc6 3. c3 e6 4. d4 d5 5. e5 Bd7 6. Be2 Nge7 7. Na3 cxd4 8. cxd4
Nf5 9. Nc2 Be7 10. O-O Qb6 11. Kh1 a5 12. g4 Nh6 13. h3 a4 14. Bxh6 gxh6 15.
Qd2 h5 16. gxh5 O-O-O 17. b3 a3 18. b4 Kb8 19. Nxa3 Qxb4 20. Nc2 Qxd2 21. Nxd2
Rc8 22. Rac1 f6 23. exf6 Bxf6 24. Nb3 e5 25. dxe5 Nxe5 26. Ne3 Bxh3 1/2-1/2

[Event "4NCL Division Three Knights"]
[Site "Warwick, ENG"]
[Date "2024.01.14"]
[Round "4.36"]
[White "Tart, Peter K"]
[Black "Buckland, Louis"]
[Result "1/2-1/2"]
[WhiteElo "1940"]
[BlackElo "1887"]
[PlyCount "93"]
[EventDate "2024.01.14"]
[WhiteTeam "Crowthorne A"]
[BlackTeam "Sussex Martlets 2"]

1. e4 c6 2. d4 d5 3. Bd3 dxe4 4. Bxe4 Nf6 5. Bf3 Nbd7 6. Bf4 Qb6 7. b3 Qa5+ 8.
Qd2 Qxd2+ 9. Nxd2 g6 10. c4 Bg7 11. Ne2 c5 12. Be3 e5 13. dxc5 e4 14. Nxe4 Nxe4
15. Bxe4 Bxa1 16. c6 O-O 17. O-O Bg7 18. cxb7 Bxb7 19. Bxb7 Rab8 20. Bc6 Ne5
21. Bd5 a5 22. Ba7 Rbc8 23. Nd4 a4 24. Nb5 axb3 25. axb3 Nc6 26. Bc5 Rfd8 27.
Nd6 Bf8 28. Nxc8 Bxc5 29. Bxc6 Rxc8 30. Bf3 Rd8 31. Rd1 Rxd1+ 32. Bxd1 Kf8 33.
Kf1 Ke7 34. Ke2 h5 35. Kd3 h4 36. h3 Bb4 37. Kd4 Kd6 38. f4 f6 39. Bf3 g5 40.
f5 Ba3 41. c5+ Bxc5+ 42. Kc4 Be3 43. Kb5 Kc7 44. b4 Kb8 45. Kc6 Bf4 46. b5 Be5
47. b6 1/2-1/2

[Event "4NCL Division Three Knights"]
[Site "Warwick, ENG"]
[Date "2024.01.14"]
[Round "4.41"]
[White "Skulte, Christopher"]
[Black "Elwin, Adrian G"]
[Result "0-1"]
[WhiteElo "2050"]
[BlackElo "2008"]
[PlyCount "74"]
[EventDate "2024.01.14"]
[WhiteTeam "Celtic Tigers 2"]
[BlackTeam "MK Phoenix"]

1. e4 c6 2. d4 d5 3. Nd2 dxe4 4. Nxe4 Nf6 5. Nxf6+ exf6 6. Nf3 Bd6 7. Bd3 O-O 8. O-O Bg4 9. c3 Nd7 10. Bc2 Qa5 11. h3 Bh5 12. Qd3 Bg6 13. Qd2 Qh5 14. Bd1 Qd5 15. Nh4 Rfe8 16. Nxg6 hxg6 17. Bf3 Qb5 18. a4 Qc4 19. Qc2 f5 20. b3 Qe6 21. a5 Rac8 22. Be3 Bb8 23. Rfe1 Nf6 24. Be2 Nd5 25. Bd2 Qd6 26. g3 f4 27. g4 f3 28. Bxf3 Qh2+ 29. Kf1 Qxh3+ 30. Bg2 Qxg4 31. Qd3 Bf4 32. Rxe8+ Rxe8 33. Re1 Rxe1+ 34. Bxe1 Bc7 35. Bh3 Qh5 36. Bd2 Qd1+ 37. Kg2 Nf4+ 0-1